000 00766nam a2200277Ia 4500
001 G5223
003 IT-RoPAU
008 130308s9999 xx 000 0 und d
040 _aIT-RoPAU
040 _cIT-RoPAU
041 _aITALIANO
100 _aDe Grada Raffaele
100 _gCodice Aut. SPICS: 7442
245 _aZavattini: realismo e neorealismo
245 _bDiviso in Due. Cesare Zavattini: Cinema e Cultura Popolare
250 _a1a ed.
260 _aREGGIO EMILIA
260 _bDiabasis
260 _c1999 [1° Ed.:1999 - Ed.Ling.Originale:1999]
300 _a"5 p. (prefazione: no ; testo: 5 [pagine: 51-55])"
650 _aAUTORI/OPERE DEL CINEMA
650 _eCodice materia Spics: 6807
942 _cBK
957 _71
999 _c83234
_d83234
999 _g1